Music Quiz

Random Music or Lyrics Quiz

'Who?' Songs Quiz Stats

 Plays Quiz not verified by Sporcle

Challenge
Share
Tweet
Embed
Score 0/20 Timer 06:00
0 Plays Today
% Correct
The Who
90.3%
Madonna
87.1%
Men at Work
83.9%
Jewel
80.6%
Bo Diddly
71%
Aretha Franklin
64.5%
Connie Francis
58.1%
U2
58.1%
Queen
54.8%
Jay-Z
51.6%
% Correct
Pink
48.4%
Journey
45.2%
Barry Mann
45.2%
The Four Seasons
41.9%
JT Money (Featuring Sole)
38.7%
Heart
35.5%
Michael Jackson
22.6%
Lyle Lovett
22.6%
Cyndi Lauper
19.4%
Public Enemy
16.1%

You're not logged in!

Compare scores with friends on all Sporcle quizzes.
OR
Log In

You Might Also Like...

Show Comments

Extras

Created Sep 13, 2016ReportNominate
Tags:Lyrics Quiz, song title

Top Quizzes Today


Score Distribution

Your Account Isn't Verified!

In order to create a playlist on Sporcle, you need to verify the email address you used during registration. Go to your Sporcle Settings to finish the process.

Report this User

Report this user for behavior that violates our Community Guidelines.

Details: